00717nam a2200169 i 450000100060000000300090000600500170001500700030003200800410003511000530007624501210012926000830025030000430033385200320037699900170040895201220042550524ES-MaACL20230906162209.0t|030805s1966 sp ||||1| spa d2 aCaja de Ahorros Provincial de Barcelona.917330010aXLI Día Universal del Ahorro / ccolaboraciones de graduados, seminarios, universitarios y de escuelas especiales. aBarcelona : bFondo Cultural. Caja de Ahorros Provincial. Diputación,c1966. a276 p. con lám. : bgrab. ; c22 cm. aES-MaACLjC-32388 bR.63043 c50524d50524 00104070aATENEOMbATENEOMcDEPO2d2008-01-17eSCl0oC-32388p1053146r2023-02-23 00:00:00w2023-02-23yMONOGRAFIA